| 000 | 00507nam a2200205 a 4500 | ||
|---|---|---|---|
| 001 | BRCA_6760 | ||
| 005 | 20190320205559.0 | ||
| 008 | 251011s1944----mx-#######---#000-0#spa-# | ||
| 041 | _aspa | ||
| 044 | _amx | ||
| 050 | 4 |
_aPQ7297 _b.A6 A58 _c1944 |
|
| 245 | 1 | 0 |
_aClemencia _cIgnacio M. Altamirano |
| 260 |
_aMĂ©xico _bPorrĂșa _c1944 |
||
| 300 |
_a238 p. _c20 cm. |
||
| 440 | 0 |
_aEscritores mexicanos _v3 _916877 |
|
| 500 | _aI126 | ||
| 650 | 1 | 4 |
_aLiteratura mexicana _910506 |
| 902 | _aGFM | ||
| 942 |
_2lcc _cB |
||
| 999 |
_c6443 _d6443 |
||